| 000 | 00493 a2200169 4500 | ||
|---|---|---|---|
| 003 | OSt | ||
| 005 | 20231103121859.0 | ||
| 008 | 231103b |||||||| |||| 00| 0 eng d | ||
| 020 | _a9789391600143 | ||
| 040 | _coclc | ||
| 082 |
_a297 _bSHE/I |
||
| 100 |
_aSheriff, Musthafa _99823 |
||
| 245 |
_aIslamum Padinjarum: Deridayumayi Sambhasanam / _cMusthafa Sheriff |
||
| 260 |
_aKerala: _bOther Books, _c2021. |
||
| 300 | _a128p | ||
| 942 |
_2ddc _cBK _h297 _iSHE/I _k297 _mSHE/I |
||
| 999 |
_c42778 _d42778 |
||